| 000 | 00000nam 2200000zi 4500 |
| 001 | 9.933269 |
| 003 | CaOODSP |
| 005 | 20240416155755 |
| 006 | m o d f |
| 007 | cr ||||||||||| |
| 008 | 240201t20242024onc ob f000 0 eng d |
| 020 | |a9780660699745 |
| 040 | |aCaOODSP|beng|erda|cCaOODSP |
| 043 | |an-cn-bc |
| 086 | 1 |aMR4-186/2024E-PDF |
| 245 | 00|aEvaluation of the British Columbia exemption to allow for personal possession of small amounts of illegal drugs semi-annual meeting : |bwhat we heard report. |
| 264 | 1|a[Ottawa] : |bCanadian Institutes of Health Research = Instituts de recherche en santé du Canada, |c2024. |
| 264 | 4|c©2024 |
| 300 | |a1 online resource (7 pages) |
| 336 | |atext|btxt|2rdacontent |
| 337 | |acomputer|bc|2rdamedia |
| 338 | |aonline resource|bcr|2rdacarrier |
| 500 | |aIssued also in French under title: Évaluation de l'exemption en Colombie-Britannique visant la possession personnelle de petites quantités de drogues illicites réunion semestrielle : compte rendu. |
| 500 | |a"Meeting Date: November 23, 2023. Location: Virtual Meeting." |
| 504 | |aIncludes bibliographical references. |
| 610 | 10|aCanada. |tControlled Drugs and Substances Act. |
| 650 | 0|aDrugs of abuse|xLaw and legislation|zBritish Columbia|xEvaluation. |
| 710 | 2 |aCanadian Institutes of Health Research, |eissuing body. |
| 710 | 2 |aInstitute of Neurosciences, Mental Health and Addiction (Canada), |eissuing body. |
| 775 | 08|tÉvaluation de l'exemption en Colombie-Britannique visant la possession personnelle de petites quantités de drogues illicites réunion semestrielle : |w(CaOODSP)9.933270 |
| 856 | 40|qPDF|s433 KB|uhttps://publications.gc.ca/collections/collection_2024/irsc-cihr/MR4-186-2024-eng.pdf |
| 856 | 4 |qHTML|sN/A|uhttps://cihr-irsc.gc.ca/e/53825.html |